000 01259cam a2200265 4500
008 010726n2001 000 0 eng u
020 _a1899769838
035 _a(Sirsi) u113787
100 _aSpiers, A. R.
245 _aConstruction (Design and Management) Regulations 1994
_ba CPD study pack
250 _a4th ed.
260 _aOxford
_bCollege of Estate Management
_c2001
300 _a63p.
_c30 cm. + 1 audio cassette (ca. 60 min.)
350 _a50
490 _aCollege of Estate Management CPD Study Pack
520 _a2001 edition of this CPD study pack dealing with the reasons for introducing CDM, examines the regulations in detail, explains the requirements and discusses the means of achieving their objectives. Accompanied by Owlion audio tape "Condam: Construction (Design and Management) Regulations" also available to borrow separately E2247.
520 _aSuperseded by fifth edition (ISBN 0190438806X).
650 _aCONSTRUCTION (DESIGN AND MANAGEMENT) REGULATIONS 1994
650 _aCONDAM REGULATIONS
650 _aCONSTRUCTION (DESIGN AND MANAGEMENT) REGULATIONS 1994
650 _aHEALTH AND SAFETY
_96244
690 _aBUILT ENVIRONMENT-BUILDING STANDARDS
710 _aCollege of Estate Management
_9400
942 _n0
999 _c85413
_d85413